000 00480nam a2200181 i 4500
001 bg
100 1 _aSTĘPNIEWSKI, Alfred
245 1 0 _aPierwotne podstawy mechaniki klasycznej /
_cAlfred Stępniewski.
260 _aSzczecin :
_b[nakł. autora],
_c1992.
300 _a245 s. :
_brys. ;
_c24 cm.
504 _aBibliogr. s.238-245.
650 9 _aMechanika
040 _cBPK
041 0 _apl
_bfrenru
080 _a531
942 _cKS
008 s pl f |000 0 pol
999 _c6684
_d6684
856 _uhttp://koha.tu.koszalin.pl/cgi-bin/koha/opac-detail.pl?biblionumber=6684
_yKatalog online BPK